000 00289nam a2200133 a 4500
001 4140
005 20140414132038.0
008 090218s19uu xx 00 eng d
050 _aTR
_bL72 1996
100 _aCarle, Eric
245 _aA little cloud.
999 _c113785
_d113785